Mots de la langue française terminés par "gat" - Statistiques

Statistiques générales
  • Ce quiz a été pris 182 fois
    161 depuis la dernière actualisation
  • Le résultat moyen est 3 sur 8
Statistiques - réponses
Indice Mot % Correct
Montélimar nougat
91%
dommage dégât
86%
traître renégat
78%
dignitaire ecclésiastique légat
35%
assemblage agregat
32%
arbuste à fleurs blanches seringat
16%
56400 Plumergat
5%
sous-dialecte de l'occitan languedocien rouergat
4%
Aucun quiz correspondant
Distribution des résultats
% des personnes avec chaque résultat
Percentile par nombre de réponses
Votre historique - résultats
Vous n’avez pas pris ce quiz depuis la dernière actualisation